000 00710nam a2200229 a 4500
001 BRL_539
005 20190320210806.0
008 020913s1973----mx-a######---#000-0#spa-#
041 _aspa
044 _amx
050 4 _aRA984.M3
_b.V46 1973
100 1 _aVenegas Ramírez, Carmen
_924242
245 1 0 _aRégimen hospitalario para indios en la Nueva España
_cCarmen Vengas Ramírez.
260 _aMéxico
_bINAH, Departamento de Investigaciones Históricas
_c1973
300 _a223 p.
_bil.
_c21 cm.
500 _aAu1927
504 _aBibliografía: p. 209-215.
650 1 4 _aHospitales
_xHistoria
_zMéxico
_93620
650 1 4 _aSeguridad social
_xHistoria
_zMéxico
_924243
902 _aGRL
942 _2lcc
_cB
999 _c9351
_d9351